Latest Scottish housing trends (Record no. 117038)

MARC details
000 -LEADER
fixed length control field 00925cam a2200217 4500
001 - CONTROL NUMBER
control field WB4007-09
008 - FIXED-LENGTH DATA ELEMENTS--GENERAL INFORMATION
fixed length control field 040218n2004 000 0 eng u
035 ## - SYSTEM CONTROL NUMBER
System control number (Sirsi) u125191
245 ## - TITLE STATEMENT
Title Latest Scottish housing trends
260 ## - PUBLICATION, DISTRIBUTION, ETC.
Date of publication, distribution, etc. 2004
490 ## - SERIES STATEMENT
Series statement Scottish Executive News Release
Volume/sequential designation (SEc398/2004)17 February 2004
520 ## - SUMMARY, ETC.
Summary, etc. The Scottish Executive has released the quarterly statistical bulletin "Housing trends in Scotland: quarter ending 30 September 2003". Contains information on public sector house sales, new house building and local authority lettings and evictions. Available at http://www.scotland.gov.uk/stats/bulletins/00320-0 0.asp. News release http://www.scotland.gov.uk/pages/news/2004/02/SEc3 98.aspx
590 ## - LOCAL NOTE (RLIN)
Local note WB
590 ## - LOCAL NOTE (RLIN)
Local note WB
650 ## - SUBJECT ADDED ENTRY--TOPICAL TERM
Topical term or geographic name entry element SCOTLAND
650 ## - SUBJECT ADDED ENTRY--TOPICAL TERM
Topical term or geographic name entry element HOUSE BUILDING
650 ## - SUBJECT ADDED ENTRY--TOPICAL TERM
Topical term or geographic name entry element HOUSING SALES
650 ## - SUBJECT ADDED ENTRY--TOPICAL TERM
Topical term or geographic name entry element LOCAL AUTHORITY HOUSING
690 ## - LOCAL SUBJECT ADDED ENTRY--TOPICAL TERM (OCLC, RLIN)
Topical term or geographic name as entry element HOUSING
942 ## - ADDED ENTRY ELEMENTS (KOHA)
Suppress in OPAC 0
Holdings
Withdrawn status Lost status Source of classification or shelving scheme Damaged status Not for loan Home library Current library Shelving location Date acquired Total Checkouts Full call number Barcode Date last seen Copy number Price effective from Koha item type
    Dewey Decimal Classification     London London News article 18/02/2004   WB4007-09 125191-1001 06/08/2019 1 06/08/2019 News article